000 00564nam a2200205Ia 4500
005 20230228123707.0
008 230125s9999 xx 000 0 und d
020 _a9789380658322
041 _aeng
082 _a658
_bBHO
100 _aBhogle A
_9116674
245 _aThe Winning Way
_bLearnings from sport for Managers
250 _aEd.1st
260 _c2011
_bWestland Publications
_aChennai
300 _a196p
500 _aSports;General Management
650 _aSports;General Management
_9119853
700 _aBhogle A & Bhogle H
_9116675
942 _cDB
999 _c94355
_d94355